=LDR 00000nam 2200000 4500 =001 INLIS000000001052434 =005 20240829101753 =035 ##$$a 0010-0824000252 =007 ta =008 240829################b##########1###### =020 ##$$a 978-89-6329-610-4 =082 ##$$a 028.55 =084 ##$$a 028.55 SHI a =100 #$$a Shin Soo-hyeon =245 1#$$a Ayam-ayam Bong berderak /$c Shin Soo-hyeon =260 ##$$a Tolstoy Korea :$b Gyeonggi-do =300 ##$$a 31 hlm : $b ilus ; $c 21,5 x 26 cm =650 #4$$a Bacaan kanak-kanak =990 ##$$a 18231823